000 00695nas a2200253 4500
001 BR2013003152
003 BR-BrBNA
005 20231205122221.0
007 ta
008 230509b bl.|||p| |||| 00| 00por d
040 _aBR-BrBNA
_bpor
_cBiblioteca Nacional de Agricultura
041 _a(Pt)
072 _aE71
100 1 _aLucini, M.A.
245 1 _aImportações de alho 2012
650 _aALHO
650 _aHORTALIÇA DE BULBO
650 _aALHO AMARANTE
650 _aALLIUM SATIVUM
650 _aIMPORTAÇÃO
773 0 _tNosso Alho (Brazil)
_xISSN 2177-2959
_g(Dec 2012), (no. 15) p.24-25
_wBR2013003152
909 _a202311
_bLúcia
_c55
_dLúcia Elande
942 _2AGRIS
_n0
_cANA
999 _c227520
_d227520